|
|
|
|
| LEADER |
01251nam a22003017a 4500 |
| 001 |
29825 |
| 003 |
BD-DhAAL |
| 005 |
20250622162803.0 |
| 008 |
171127t2014 szua||| b||| 00| 0 eng d |
| 020 |
|
|
|a 9789221287287
|
| 020 |
|
|
|a 9789221287094(web pdf)
|
| 040 |
|
|
|a BD-DhAAL
|d BD-DhAAL
|
| 082 |
|
|
|a 344.015424592
|2 19
|
| 100 |
|
|
|a Barkat, Abul.
|9 23989
|
| 245 |
|
|
|a The cost :
|b causes of and potential redress for high recruitment and migration costs in Bangladesh /
|c Abul Barkat, Md. Ismail Hossain & Ehsanul Hoque.
|
| 260 |
|
|
|a Geneva :
|b International Labour Office,
|c c2014.
|
| 300 |
|
|
|a xviii, 72 pages :
|b illustrations ;
|c 30 cm.
|
| 504 |
|
|
|a Includes bibliographical references (pages 71-72)
|
| 526 |
|
|
|a AAL
|
| 541 |
|
|
|a Complementary copy
|e 29825
|
| 650 |
|
|
|a Migrant labor
|z Bangladesh.
|x Legal status, laws, etc.
|9 24005
|
| 650 |
|
|
|a Migrant labor
|x Legal status, laws, etc.
|9 24006
|
| 700 |
|
|
|a Hossain, Md. Ismail.
|9 24007
|
| 700 |
|
|
|a Hoque, Ehsanul.
|9 24008
|
| 852 |
|
|
|a Ayesha Abed Library
|c General Stacks
|
| 942 |
|
|
|2 ddc
|c BK
|
| 999 |
|
|
|c 38652
|d 38652
|
| 952 |
|
|
|0 0
|1 0
|2 ddc
|4 0
|6 344_015424592000000_BAR
|7 0
|9 61995
|a BRACUL
|b BRACUL
|c GEN
|d 2017-11-27
|e Complementary copy
|l 0
|o 344.015424592 BAR
|p 3010029825
|r 2017-11-27
|t 1
|w 2017-11-27
|y BK
|